[Event "World Blitz 2015"]
[Site "Berlin GER"]
[Date "2015.10.13"]
[Round "11.7"]
[White "Vovk, Yuri"]
[Black "Gelfand, Boris"]
[Result "1/2-1/2"]
[WhiteTitle "GM"]
[BlackTitle "GM"]
[WhiteElo "2617"]
[BlackElo "2741"]
[WhiteFideId "14113171"]
[BlackFideId "2805677"]
[EventDate "2015.10.13"]

1. d4 Nf6 2. c4 e6 3. Nf3 d5 4. Nc3 c6 5. Bg5 h6 6. Bxf6 Qxf6 7. e3 g6 8. Bd3
Bg7 9. O-O dxc4 10. Bxc4 Nd7 11. a4 O-O 12. a5 Qe7 13. Qd3 Rb8 14. Rfd1 Rd8 15.
Ne4 b6 16. axb6 axb6 17. Ra7 Rb7 18. Ra8 Rb8 19. Rxb8 Nxb8 20. Qb3 Qc7 21. Rc1
Bb7 22. Ne5 c5 23. Nxf7 Kxf7 24. Bxe6+ Kf8 25. d5 Na6 26. h3 Rd6 27. Nxd6 Qxd6
28. Qd3 Nc7 29. Qxg6 Qe7 30. Qf5+ Qf6 31. Qg4 Nxd5 32. Rd1 h5 33. Qe4 Nc3 34.
Qxb7 Nxd1 35. Qc8+ Ke7 36. Qd7+ Kf8 37. Qc8+ Ke7 38. Qd7+ Kf8 39. Qc8+ 1/2-1/2

[Event "World Blitz 2015"]
[Site "Berlin GER"]
[Date "2015.10.13"]
[Round "11.8"]
[White "Kasimdzhanov, Rustam"]
[Black "Onischuk, Vladimir"]
[Result "1/2-1/2"]
[WhiteTitle "GM"]
[BlackTitle "GM"]
[WhiteElo "2704"]
[BlackElo "2612"]
[WhiteFideId "14200244"]
[BlackFideId "14114038"]
[EventDate "2015.10.13"]

1. e4 d6 2. d4 Nf6 3. Nc3 g6 4. Nf3 Bg7 5. Be2 O-O 6. O-O a6 7. Re1 Nc6 8. d5
Ne5 9. Nxe5 dxe5 10. Bg5 Ne8 11. Qd2 Nd6 12. Bd3 Bd7 13. Bh6 f6 14. Bxg7 Kxg7
15. Rad1 c5 16. dxc6 Bxc6 17. Qe3 Qa5 18. a3 Rfd8 19. Bf1 Rd7 20. Rd2 Rad8 21.
Red1 Qc7 22. g3 b5 23. Qe1 Nf7 24. Rxd7 Rxd7 25. Rxd7 Qxd7 26. Bg2 Qd4 27. h4 h5
28. Qc1 Nd6 29. Qe1 a5 30. b3 b4 31. axb4 axb4 32. Na2 Bxe4 33. Nxb4 Bxg2 34.
Kxg2 Nf5 35. c3 Qg4 36. Kh2 Qf3 37. Nc2 Qd5 38. b4 Nd6 39. Ne3 Qd3 40. Kg2 f5
41. c4 f4 42. Nd5 Nxc4 43. Nxf4 exf4 44. Qxe7+ Kg8 45. Qe8+ Kg7 46. Qe7+ 1/2-1/2

[Event "World Blitz 2015"]
[Site "Berlin GER"]
[Date "2015.10.13"]
[Round "11.9"]
[White "Leko, Peter"]
[Black "Vallejo Pons, Francisco"]
[Result "1/2-1/2"]
[WhiteTitle "GM"]
[BlackTitle "GM"]
[WhiteElo "2707"]
[BlackElo "2684"]
[WhiteFideId "703303"]
[BlackFideId "2205530"]
[EventDate "2015.10.13"]

1. e4 c5 2. Nf3 e6 3. d4 cxd4 4. Nxd4 a6 5. Bd3 Nf6 6. O-O Qc7 7. Qe2 d6 8. c4
g6 9. Nc3 Bg7 10. Rd1 O-O 11. Nf3 Nc6 12. Bf4 e5 13. Be3 Bg4 14. Rac1 Nd4 15.
Bxd4 exd4 16. Nd5 Nxd5 17. cxd5 Qb6 1/2-1/2

[Event "World Blitz 2015"]
[Site "Berlin GER"]
[Date "2015.10.13"]
[Round "11.10"]
[White "Svidler, Peter"]
[Black "Socko, Bartosz"]
[Result "1/2-1/2"]
[WhiteTitle "GM"]
[BlackTitle "GM"]
[WhiteElo "2727"]
[BlackElo "2599"]
[WhiteFideId "4102142"]
[BlackFideId "1107038"]
[EventDate "2015.10.13"]

1. e4 e6 2. d4 d5 3. Nd2 c5 4. Ngf3 Nf6 5. exd5 Qxd5 6. Bc4 Qd7 7. dxc5 Bxc5 8.
Qe2 O-O 9. Ne4 Be7 10. O-O Qc7 11. Nxf6+ Bxf6 12. Bd3 Nd7 13. Ng5 g6 14. c3 Nc5
15. Bc2 Bg7 16. Qf3 e5 17. Be3 h6 18. Ne4 Nxe4 19. Bxe4 Be6 20. Rfd1 Rad8 21.
Bxb7 Rxd1+ 22. Rxd1 Rb8 23. Bd5 Bxd5 24. Qxd5 Rxb2 25. h3 Qxc3 26. Qa8+ Kh7 27.
Qxa7 Qc4 28. a4 Ra2 29. a5 Qa4 30. Rd5 Qc4 31. Rd7 Kg8 32. Qb8+ Kh7 33. Qe8 Rxa5
34. Rd8 f5 35. Rd7 f4 36. Bb6 Ra1+ 37. Kh2 f3 38. Rxg7+ Kxg7 39. Qxe5+ Kf7 40.
Qxa1 fxg2 41. Kxg2 Qc6+ 1/2-1/2

[Event "World Blitz 2015"]
[Site "Berlin GER"]
[Date "2015.10.13"]
[Round "11.11"]
[White "Bocharov, Dmitry"]
[Black "Anand, Viswanathan"]
[Result "1-0"]
[WhiteTitle "GM"]
[BlackTitle "GM"]
[WhiteElo "2560"]
[BlackElo "2803"]
[WhiteFideId "4138716"]
[BlackFideId "5000017"]
[EventDate "2015.10.13"]

1. d4 Nf6 2. c4 e6 3. Nc3 Bb4 4. e3 O-O 5. Ne2 d5 6. a3 Be7 7. cxd5 exd5 8. Nf4
c6 9. Bd3 Bd6 10. O-O Re8 11. f3 Na6 12. Bc2 Bxf4 13. exf4 Nc7 14. f5 b6 15. Bf4
Bb7 16. Qd2 Re7 17. g4 Nfe8 18. Rf2 f6 19. Rg2 Rf7 20. Re1 Qd7 21. g5 fxg5 22.
Rxg5 Nf6 23. Be5 Raf8 24. Kh1 Nce8 25. Ne2 Nd6 26. Reg1 Kh8 27. Nf4 Nc4 28. Qf2
Qe7 29. Qh4 Kg8 30. Ne6 1-0

[Event "World Blitz 2015"]
[Site "Berlin GER"]
[Date "2015.10.13"]
[Round "11.12"]
[White "Nguyen, Ngoc Truong Son"]
[Black "Mamedov, Rauf"]
[Result "1/2-1/2"]
[WhiteTitle "GM"]
[BlackTitle "GM"]
[WhiteElo "2634"]
[BlackElo "2657"]
[WhiteFideId "12401110"]
[BlackFideId "13401653"]
[EventDate "2015.10.13"]

1. e4 c5 2. Nf3 d6 3. d4 Nf6 4. Nc3 cxd4 5. Nxd4 g6 6. Be3 Bg7 7. f3 Nc6 8. Qd2
O-O 9. O-O-O d5 10. Kb1 Rb8 11. Bf4 e5 12. Nxc6 bxc6 13. Bxe5 Nxe4 14. Qd4 c5
15. Qxe4 dxe4 16. Rxd8 Bxe5 17. Rxf8+ Kxf8 18. Kc1 exf3 19. gxf3 Be6 20. a4 Rb4
21. Bd3 Bxc3 22. bxc3 Rxa4 23. Kd2 Bd5 24. Ke3 Ra3 25. Rb1 Rxc3 26. Ra1 c4 27.
Kd4 cxd3 28. Kxc3 dxc2 29. Kxc2 Bxf3 30. Rxa7 h5 31. Kd3 Kg7 32. Ke3 Bd5 33. Kf4
Be6 34. Kg5 Bd5 35. Rc7 Be6 36. Ra7 Bd5 37. Rc7 Be6 1/2-1/2

[Event "World Blitz 2015"]
[Site "Berlin GER"]
[Date "2015.10.13"]
[Round "11.13"]
[White "Zvjaginsev, Vadim"]
[Black "Fedoseev, Vladimir3"]
[Result "1/2-1/2"]
[WhiteTitle "GM"]
[BlackTitle "GM"]
[WhiteElo "2660"]
[BlackElo "2659"]
[WhiteFideId "4113403"]
[BlackFideId "24130737"]
[EventDate "2015.10.13"]

1. e4 g6 2. d4 Bg7 3. Nf3 d6 4. Be2 Nf6 5. Nc3 O-O 6. O-O a6 7. Re1 Nc6 8. h3 e5
9. dxe5 dxe5 10. Be3 Qe7 11. Nd5 Qd6 12. Nxf6+ Qxf6 13. c3 h6 14. b4 Nd8 15. Qd2
Kh7 16. Rad1 Ne6 17. Bc4 Rd8 18. Qc1 Bd7 19. Rd5 Bc6 20. Rxe5 g5 21. Bxe6 fxe6
22. Bd4 Qe7 23. Rc5 Bf8 24. Ne5 Be8 25. Ng4 Qf7 26. h4 Bxc5 27. bxc5 Rxd4 28.
cxd4 Qg7 29. hxg5 hxg5 30. e5 Bh5 31. Nf6+ Kh6 32. g4 Be8 33. Kg2 Bc6+ 34. Kg3
Qg6 35. Rh1+ Bxh1 36. Qxh1+ Kg7 37. Qxb7 Qd3+ 38. f3 Rh8 39. Nh5+ Kh6 40. Qxc7
Qg6 41. c6 Rf8 42. Qe7 Rxf3+ 43. Kxf3 Qd3+ 44. Kg2 Qe2+ 45. Kh3 Qf1+ 46. Kg3
Qd3+ 47. Kg2 Qe2+ 48. Kh3 Qf1+ 49. Kg3 Qd3+ 50. Kf2 Qd2+ 1/2-1/2

[Event "World Blitz 2015"]
[Site "Berlin GER"]
[Date "2015.10.13"]
[Round "11.14"]
[White "Korobov, Anton"]
[Black "Movsesian, Sergei"]
[Result "0-1"]
[WhiteTitle "GM"]
[BlackTitle "GM"]
[WhiteElo "2700"]
[BlackElo "2658"]
[WhiteFideId "14105730"]
[BlackFideId "310204"]
[EventDate "2015.10.13"]

1. d4 d5 2. c4 c6 3. Nf3 Nf6 4. Nc3 a6 5. e3 b5 6. b3 Bg4 7. Be2 Nbd7 8. O-O e6
9. Bb2 Bd6 10. Rc1 O-O 11. h3 Bh5 12. Ne5 Bxe2 13. Nxe2 Rc8 14. Nf4 Ne4 15. Nfd3
f6 16. Nf3 Bb8 17. Rc2 Qb6 18. Qe2 Qb7 19. Rfc1 Rfe8 20. Nf4 Nf8 21. a4 Nd6 22.
Ba3 b4 23. Bb2 a5 24. cxd5 cxd5 25. Rc5 Ba7 26. Rxa5 Rxc1+ 27. Bxc1 Qc7 28. Rxa7
Qxa7 29. Bd2 Rb8 30. Nd3 Qa6 31. Kf1 Ne4 32. Bxb4 Nd7 33. Nfe1 Rxb4 0-1

[Event "World Blitz 2015"]
[Site "Berlin GER"]
[Date "2015.10.13"]
[Round "11.15"]
[White "Perunovic, Milos"]
[Black "Bruzon Batista, Lazaro"]
[Result "1-0"]
[WhiteTitle "GM"]
[BlackTitle "GM"]
[WhiteElo "2622"]
[BlackElo "2659"]
[WhiteFideId "921629"]
[BlackFideId "3503739"]
[EventDate "2015.10.13"]

1. e4 e5 2. Nf3 Nc6 3. Bb5 Nf6 4. O-O Nxe4 5. d4 Nd6 6. dxe5 Nxb5 7. a4 Nbd4 8.
Nxd4 d5 9. Nxc6 bxc6 10. Nd2 Be7 11. Nb3 c5 12. Na5 Be6 13. Nc6 Qd7 14. Nxe7
Qxe7 15. b3 O-O 16. Ba3 Rfd8 17. Qd2 d4 18. f4 Bf5 19. Rad1 h5 20. h3 a5 21. Kh2
c6 22. Qe2 g6 23. Rf2 Rd5 24. Qf3 h4 25. Rfd2 Rad8 26. Qf2 Be4 27. Qe1 Bf5 28.
Re2 g5 29. fxg5 Qxg5 30. Bc1 Qg6 31. Qxh4 d3 32. cxd3 Rd4 33. Qf2 Bxd3 34. Re3
Qe6 35. Rg3+ Bg6 36. Rf1 Kh7 37. Bg5 R8d5 38. Bf6 Kg8 39. Qe2 Re4 40. Qh5 Qxf6
41. Rxf6 1-0

[Event "World Blitz 2015"]
[Site "Berlin GER"]
[Date "2015.10.13"]
[Round "11.16"]
[White "Fressinet, Laurent"]
[Black "Vitiugov, Nikita"]
[Result "0-1"]
[WhiteTitle "GM"]
[BlackTitle "GM"]
[WhiteElo "2702"]
[BlackElo "2725"]
[WhiteFideId "608742"]
[BlackFideId "4152956"]
[EventDate "2015.10.13"]

1. Nf3 d5 2. g3 c6 3. Bg2 Bf5 4. c4 e6 5. O-O dxc4 6. b3 cxb3 7. Qxb3 Qb6 8. d3
Nd7 9. Nbd2 Ngf6 10. Nc4 Qxb3 11. axb3 Bb4 12. Ba3 Bxa3 13. Rxa3 Ke7 14. Na5
Rab8 15. Nd4 Rhc8 16. b4 a6 17. Rb1 h6 18. Ndb3 Ne8 19. Nc4 Nd6 20. Nba5 Nb5 21.
Raa1 Bg6 22. Rb2 f6 23. Nb3 e5 24. Nc5 Rd8 25. Na5 Nxc5 26. bxc5 Rdc8 27. f4 Bf7
28. Kf2 Bd5 29. Bh3 Rd8 30. Ke3 Re8 31. fxe5 fxe5 32. Rf1 Be6 33. Bg2 Bd5 34.
Be4 Rf8 35. Rxf8 Rxf8 36. Nxb7 Nc3 37. Rc2 Nd1+ 38. Kd2 Bxe4 39. Kxd1 Bd5 40.
Na5 e4 41. dxe4 Bxe4 42. Rc4 Bd5 43. Rd4 Kf6 44. Rf4+ Ke7 45. Rxf8 Kxf8 46. Kd2
Ke7 47. Ke3 Bg2 48. Kd4 Ke6 49. e4 Kd7 50. Nc4 Bf1 51. Na5 Bg2 52. Ke5 Bf3 53.
Nc4 Be2 54. Na5 Bd3 55. Kd4 Bc2 56. Nc4 Bb3 57. Ne5+ Kc7 58. Kc3 Be6 59. Kb4 Bh3
60. Nc4 Bg2 61. e5 Kd7 62. Ka5 Ke6 63. Ne3 Be4 64. Kxa6 Kxe5 65. Kb6 Kd4 66. Ng4
Bf3 67. Nf2 Ke3 68. Nh3 g5 69. Ng1 Bg2 70. h4 Kf2 71. hxg5 hxg5 72. Nh3+ Bxh3
73. Kxc6 Kxg3 74. Kd6 0-1

[Event "World Blitz 2015"]
[Site "Berlin GER"]
[Date "2015.10.13"]
[Round "11.17"]
[White "Tomashevsky, Evgeny"]
[Black "Gajewski, Grzegorz"]
[Result "1-0"]
[WhiteTitle "GM"]
[BlackTitle "GM"]
[WhiteElo "2758"]
[BlackElo "2654"]
[WhiteFideId "4147235"]
[BlackFideId "1116207"]
[EventDate "2015.10.13"]

1. c4 Nf6 2. Nc3 e5 3. Nf3 Nc6 4. g3 Bb4 5. Bg2 O-O 6. O-O e4 7. Ng5 Bxc3 8.
bxc3 Re8 9. f3 exf3 10. Nxf3 d5 11. d4 dxc4 12. Bg5 h6 13. Bxf6 Qxf6 14. e4 Qd6
15. Nd2 Bd7 16. Nxc4 Qe7 17. Qf3 Rad8 18. Kh1 Rf8 19. Ne3 Be6 20. Qf4 Bc8 21.
Nd5 Qa3 22. Qxc7 Rd7 23. Qf4 Rdd8 24. Rf2 Be6 25. Raf1 Bxd5 26. exd5 Na5 27. Qe3
Nc4 28. Qd3 b5 29. Re1 Qd6 30. Rfe2 a6 31. a4 Qa3 32. axb5 axb5 33. Rb1 Rfe8 34.
Rf2 Re3 35. Qf5 Qxc3 36. Qxf7+ Kh8 37. Rbf1 Nd6 38. Qg6 Ree8 39. Rf4 b4 40. Rh4
Qd2 41. Rg4 Rg8 42. Qb1 Rdf8 43. Rd1 Qc3 44. Rc1 Qd2 45. Rd1 Qc3 46. Rg6 Nc4 47.
Rc1 Nd2 48. Rxc3 Nxb1 49. Rb3 Nc3 50. Rxb4 Rd8 51. d6 Rge8 52. Bf3 Re3 53. Kg2
Rd3 54. Rb7 Rd2+ 55. Kh3 Rg8 56. Rg4 Rd3 57. Bc6 Nd1 58. Rf4 Ne3 59. d7 Rd2 60.
g4 Rd3 61. Rf3 Nd1 62. Rxd3 Nf2+ 63. Kg3 Nxd3 64. Rc7 Nb4 65. d5 Nd3 66. Rc8 1-0

[Event "World Blitz 2015"]
[Site "Berlin GER"]
[Date "2015.10.13"]
[Round "11.18"]
[White "Edouard, Romain"]
[Black "Moiseenko, Alexander"]
[Result "1-0"]
[WhiteTitle "GM"]
[BlackTitle "GM"]
[WhiteElo "2636"]
[BlackElo "2692"]
[WhiteFideId "633429"]
[BlackFideId "14102560"]
[EventDate "2015.10.13"]

1. Nf3 c5 2. b3 d6 3. Bb2 e5 4. e3 Nf6 5. c4 g6 6. d3 Bg7 7. Be2 O-O 8. O-O Nc6
9. Nc3 Re8 10. Nd2 Be6 11. a3 d5 12. cxd5 Nxd5 13. Rc1 Nxc3 14. Bxc3 Qe7 15. Qc2
Rac8 16. Qb1 Bd5 17. Rfe1 a5 18. Nc4 Qc7 19. a4 b6 20. Qb2 Rcd8 21. Rcd1 Qb7 22.
Bf1 h6 23. Nd2 Kh7 24. Qc2 Nb4 25. Bxb4 axb4 26. Nc4 e4 27. dxe4 Bxe4 28. Qc1
Bd5 29. Rd3 Qc7 30. Red1 Be4 31. Rd6 Rxd6 32. Nxd6 Re7 33. Nxe4 Rxe4 34. Qd2 Re7
35. Qd5 Qe5 36. Bc4 Qxd5 37. Rxd5 Be5 38. Rd8 Kg7 39. Kf1 Bc7 40. Rc8 Kf6 41.
Ke2 h5 42. h4 Rd7 43. g3 Ke7 44. f4 Bd6 45. e4 Bc7 46. Bb5 Bd8 47. Bxd7 Kxd7 48.
Ra8 Kc7 49. Ra7+ 1-0

[Event "World Blitz 2015"]
[Site "Berlin GER"]
[Date "2015.10.13"]
[Round "11.19"]
[White "Eljanov, Pavel"]
[Black "Fridman, Daniel"]
[Result "1-0"]
[WhiteTitle "GM"]
[BlackTitle "GM"]
[WhiteElo "2717"]
[BlackElo "2649"]
[WhiteFideId "14102951"]
[BlackFideId "11600454"]
[EventDate "2015.10.13"]

1. d4 d5 2. Nf3 Nf6 3. c4 e6 4. g3 Bb4+ 5. Nbd2 dxc4 6. Bg2 c6 7. O-O b5 8. b3
cxb3 9. Nxb3 O-O 10. Ne5 Bb7 11. Nc5 Bxc5 12. dxc5 Nfd7 13. Bf4 Nxc5 14. Qc2 Qe7
15. Rfd1 Nba6 16. Nxc6 Bxc6 17. Bxc6 Nb4 18. Qc1 Nxc6 19. Bd6 Qf6 20. Bxf8 Ne4
21. Qe3 Nc3 22. Rdc1 Nd4 23. Rxc3 Nxe2+ 24. Qxe2 Qxc3 25. Bxg7 Kxg7 26. Rd1 a6
27. Qg4+ Kh8 28. Qf4 Rf8 29. Rd4 Qa1+ 30. Kg2 f6 31. Qh6 Kg8 32. Rd7 1-0

[Event "World Blitz 2015"]
[Site "Berlin GER"]
[Date "2015.10.13"]
[Round "11.24"]
[White "Ganguly, Surya Shekhar"]
[Black "Meier, Georg"]
[Result "1/2-1/2"]
[WhiteTitle "GM"]
[BlackTitle "GM"]
[WhiteElo "2652"]
[BlackElo "2654"]
[WhiteFideId "5002150"]
[BlackFideId "4675789"]
[EventDate "2015.10.13"]

1. e4 e6 2. d4 d5 3. Nc3 dxe4 4. Nxe4 Nd7 5. Nf3 Ngf6 6. Bd3 c5 7. O-O Nxe4 8.
Bxe4 Nf6 9. Bg5 cxd4 10. Nxd4 Be7 11. Bf3 O-O 12. Re1 Qb6 13. Nb3 Rd8 14. Qe2
Bd7 15. Be3 Qc7 16. Rad1 a6 17. Bg5 Ng4 18. Bxg4 Bxg5 19. Bf3 Bf6 20. c3 Rac8
21. Qe3 b5 22. h3 h6 23. Rd3 Be8 24. Red1 Rxd3 25. Rxd3 a5 26. Nd2 b4 27. Ne4
Be7 28. b3 Qe5 29. cxb4 axb4 30. g3 Qa1+ 31. Rd1 Qe5 32. Rc1 Rxc1+ 33. Qxc1 f5
34. Qc8 Kf8 35. Bh5 Qb5 36. Nd2 Qd7 37. Qa8 Qd8 38. Qxd8 Bxd8 39. Bf3 Ke7 40.
Kf1 Kd6 41. Nc4+ Kc5 42. Ke2 Bb5 43. Kd2 Bf6 44. Be2 Bd4 45. f3 h5 46. g4 g6 47.
gxh5 gxh5 48. Bd1 h4 49. Bc2 Bd7 50. Bd1 e5 51. Be2 Be6 52. Bf1 Bf7 53. Bd3 Be6
54. Na5 e4 55. fxe4 fxe4 56. Bxe4 Bxh3 57. Nb7+ Kb6 58. Nd6 Bg4 59. a3 bxa3 60.
Nc4+ Kc5 61. Nxa3 Bf6 62. Nc2 1/2-1/2

[Event "World Blitz 2015"]
[Site "Berlin GER"]
[Date "2015.10.13"]
[Round "11.25"]
[White "Iturrizaga Bonelli, Eduardo"]
[Black "Lagno, Kateryna"]
[Result "1/2-1/2"]
[WhiteTitle "GM"]
[BlackTitle "GM"]
[WhiteElo "2641"]
[BlackElo "2523"]
[WhiteFideId "3901211"]
[BlackFideId "14109336"]
[EventDate "2015.10.13"]

1. Nf3 g6 2. c4 Bg7 3. Nc3 c5 4. g3 Nc6 5. Bg2 d6 6. a3 e6 7. b4 Nge7 8. Rb1 O-O
9. O-O b6 10. e3 Bb7 11. d4 Qd7 12. Nb5 cxb4 13. axb4 Rac8 14. Na3 a5 15. b5 Nb4
16. Bd2 Be4 17. Rb3 Bd3 18. Re1 Bxc4 19. Nxc4 Rxc4 20. Bf1 Rc7 21. Bxb4 axb4 22.
Rxb4 Rfc8 23. Qa1 e5 24. dxe5 dxe5 25. e4 Rc3 26. Be2 h5 27. Rd1 Qe6 28. Rd8+
Rxd8 29. Qxc3 Rc8 30. Bc4 Qg4 31. Qb3 Rf8 32. Kg2 Bf6 33. h3 Qd7 34. Ra4 Qb7 35.
Qe3 Kg7 36. Ra6 Nc8 37. Bd5 Qc7 38. Qa3 Be7 39. Qa1 f6 40. Ra8 Bc5 41. Be6 Ne7
42. Ra7 Qd6 43. Bd5 Kh6 44. Qc1+ Kg7 45. Qc4 Rd8 46. Be6 Qd3 47. Qxd3 Rxd3 48.
g4 hxg4 49. hxg4 Rc3 50. g5 Rc2 51. Bg4 Rxf2+ 52. Kg3 Rb2 53. gxf6+ Kxf6 54. Bd7
g5 55. Nh2 Bf2+ 56. Kf3 Bc5 57. Ng4+ Kg7 58. Nxe5 Kf6 59. Ng4+ Kg6 60. Be8+ Kg7
61. Ne5 Kf6 62. Nd7+ Ke6 63. Nxc5+ bxc5 64. Kg4 c4 65. Rc7 Rb4 66. Kxg5 Kd6 67.
Rd7+ Ke6 68. Rd1 Ke5 69. Rd7 Nc8 70. Rc7 Nd6 71. Rc5+ Kxe4 72. Bc6+ Ke3 73. Re5+
Kf2 74. Rd5 Ne4+ 75. Kf5 Nc3 76. Rc5 Ke3 77. Ke5 Na4 78. Rd5 c3 79. Rd1 c2 80.
Rh1 Rb1 81. Rh3+ Kd2 82. Rh2+ Kc3 83. Rxc2+ Kxc2 84. Be4+ Kb2 1/2-1/2

[Event "World Blitz 2015"]
[Site "Berlin GER"]
[Date "2015.10.13"]
[Round "11.26"]
[White "Cheparinov, Ivan"]
[Black "Bluebaum, Matthias"]
[Result "1-0"]
[WhiteTitle "GM"]
[BlackTitle "GM"]
[WhiteElo "2681"]
[BlackElo "2588"]
[WhiteFideId "2905540"]
[BlackFideId "24651516"]
[EventDate "2015.10.13"]

1. d4 d5 2. c4 e6 3. Nf3 Nf6 4. g3 Bb4+ 5. Bd2 Bd6 6. Bg2 c6 7. Nc3 Nbd7 8. b3
dxc4 9. bxc4 e5 10. e3 exd4 11. exd4 Qe7+ 12. Kf1 O-O 13. Qb3 b6 14. Nh4 Ba6 15.
Re1 Qd8 16. Nf5 Qc7 17. Kg1 Rae8 18. Rd1 Kh8 19. h3 g6 20. Nxd6 Qxd6 21. Bh6 Rg8
22. Bf4 Qe6 23. d5 cxd5 24. cxd5 Qf5 25. Kh2 Nc5 26. Qa3 g5 27. Be3 Rxe3 28.
fxe3 Qe5 29. Qb4 Nd3 30. Qd4 Qxd4 31. exd4 Nf2 32. Rdf1 Bxf1 33. Rxf1 N2g4+ 34.
hxg4 Nxg4+ 35. Kg1 Kg7 36. Bh3 Ne3 37. Re1 Nc4 38. Re7 Kf6 39. Rxa7 Re8 40. Kf2
Re3 41. Nb5 Rd3 42. d6 Rd2+ 43. Ke1 Rb2 44. d7 Ke7 45. Ra8 1-0

[Event "World Blitz 2015"]
[Site "Berlin GER"]
[Date "2015.10.13"]
[Round "11.27"]
[White "Wojtaszek, Radoslaw"]
[Black "Demuth, Adrien"]
[Result "1-0"]
[WhiteTitle "GM"]
[BlackTitle "GM"]
[WhiteElo "2734"]
[BlackElo "2545"]
[WhiteFideId "1118358"]
[BlackFideId "642274"]
[EventDate "2015.10.13"]

1. d4 d5 2. c4 e6 3. Nc3 c5 4. cxd5 exd5 5. dxc5 d4 6. Na4 b5 7. cxb6 axb6 8. b3
Nf6 9. Nf3 b5 10. Nb2 Nc6 11. e3 Bb4+ 12. Bd2 dxe3 13. fxe3 Qb6 14. Bxb4 Nxb4
15. Nd4 O-O 16. Bxb5 Rxa2 17. Rxa2 Nxa2 18. Na4 Qd6 19. O-O Nb4 20. Bc4 Qe5 21.
Qf3 Nbd5 22. Nc6 Qxe3+ 23. Qxe3 Nxe3 24. Rc1 Nxc4 25. bxc4 Bd7 26. Ne7+ Kh8 27.
Nb6 Re8 28. Ned5 Nxd5 29. cxd5 Rd8 30. Nxd7 1-0

[Event "World Blitz 2015"]
[Site "Berlin GER"]
[Date "2015.10.13"]
[Round "11.28"]
[White "Sasikiran, Krishnan"]
[Black "Bogdanovich, Stanislav"]
[Result "0-1"]
[WhiteTitle "GM"]
[BlackTitle "IM"]
[WhiteElo "2639"]
[BlackElo "2590"]
[WhiteFideId "5004985"]
[BlackFideId "14115298"]
[EventDate "2015.10.13"]

1. d4 d5 2. c4 c6 3. Nf3 Nf6 4. Qc2 dxc4 5. Qxc4 Bf5 6. g3 e6 7. Bg2 Be7 8. O-O
O-O 9. e3 Nbd7 10. Qe2 Rc8 11. Nc3 Ne4 12. Ne1 Ndf6 13. f3 Nxc3 14. bxc3 c5 15.
e4 Bg6 16. Bb2 cxd4 17. cxd4 Qb6 18. Kh1 Rfd8 19. Nd3 Rc7 20. Rfc1 Rdc8 21. Rxc7
Rxc7 22. Rc1 Rxc1+ 23. Nxc1 Ne8 24. Qc2 Nd6 25. Nd3 Qa6 26. Bc1 Nb5 27. Be3 Bf8
28. Ne5 Qa3 29. Bg1 Nc3 30. Qb3 Qxb3 31. axb3 a5 32. Be3 b5 33. Bd2 Ne2 34. Bxa5
Nxd4 35. b4 Bd6 36. Nxg6 hxg6 37. f4 e5 38. fxe5 Bxe5 39. Bf1 Bd6 40. Bb6 Ne6
41. Bxb5 Bxb4 42. Kg2 Bc3 43. Bc4 Nf8 44. Bc5 Nd7 45. Bd6 Be5 46. Bb4 Bd4 47.
Bd6 g5 48. Bb3 g6 49. h3 Kg7 50. Bc4 Kf6 51. Bb3 Bc5 52. Bc7 Bb4 53. e5+ Ke7 54.
Kf3 Bc3 55. Bd6+ Ke8 56. e6 fxe6 57. Bxe6 Nf6 58. Bc4 Bd4 59. Bb5+ Kf7 60. Bc4+
Kg7 61. Be7 Nd7 62. Bxg5 Bb2 63. Bb5 Ne5+ 64. Kg2 Nf7 65. Be3 Nd6 66. Bd3 Be5
67. h4 Bb2 68. Kf3 Nf7 69. Be4 Ne5+ 70. Ke2 Nc4 71. Bf4 Be5 72. Kf3 Bf6 73. Bd5
Nb6 74. Be6 Na4 75. Be3 Nc3 76. Bf2 Nb5 77. Bc4 Nd6 78. Bd3 Nf7 79. Be2 Ne5+ 80.
Ke4 Nd7 81. g4 Bb2 82. g5 Bc3 83. Kd5 Bb2 84. Bb5 Ne5 85. Bg3 Nf7 86. Bf4 Bc3
87. Be8 Be1 88. Ke6 Nd8+ 89. Ke7 Nb7 90. Be5+ Kh7 91. h5 Bb4+ 92. Kf7 Nd8+ 93.
Kf6 gxh5 94. Bxh5 Nc6 95. g6+ Kg8 96. Bb2 Bf8 97. Ke6 Bg7 98. Ba3 Nd4+ 0-1

[Event "World Blitz 2015"]
[Site "Berlin GER"]
[Date "2015.10.13"]
[Round "11.29"]
[White "Ponomariov, Ruslan"]
[Black "Bachmann, Axel"]
[Result "1-0"]
[WhiteTitle "GM"]
[BlackTitle "GM"]
[WhiteElo "2710"]
[BlackElo "2593"]
[WhiteFideId "14103320"]
[BlackFideId "3700488"]
[EventDate "2015.10.13"]

1. e4 g6 2. d4 Bg7 3. Nc3 d6 4. Be3 c6 5. Qd2 Nd7 6. h3 Ngf6 7. Nf3 b5 8. Bd3
O-O 9. O-O e5 10. dxe5 dxe5 11. a4 b4 12. Ne2 c5 13. c3 Bb7 14. Ng3 a5 15. Rfd1
Qe7 16. Bb5 Rfd8 17. Qd6 Qxd6 18. Rxd6 Bf8 19. Rd2 bxc3 20. bxc3 Nb6 21. Rxd8
Rxd8 22. Bg5 Bg7 23. Rb1 h6 24. Bxf6 Bxf6 25. Ba6 Nxa4 26. Rxb7 Nxc3 27. Bc4 Rf8
28. Ra7 a4 29. Ne1 Bh4 30. Nd3 Bxg3 31. fxg3 Nxe4 32. Nxe5 Nd6 33. Rxa4 Re8 34.
Nf3 Re4 35. Ra8+ Kg7 36. Bf1 Re3 37. Rd8 Nf5 38. g4 Ne7 39. Rd7 Kf6 40. Kf2 Rc3
41. Rd6+ Kg7 42. Be2 Ng8 43. Nd2 Ne7 44. Bf3 Rc2 45. Ke3 c4 46. Ne4 Rc1 47. Rd7
Nc6 48. Rc7 Nb4 49. Kd4 Nc2+ 50. Kc3 Ne1+ 51. Kd2 Ra1 52. Rxc4 Nxf3+ 53. gxf3
Ra2+ 54. Ke3 Rh2 55. Nf2 1-0

[Event "World Blitz 2015"]
[Site "Berlin GER"]
[Date "2015.10.13"]
[Round "11.30"]
[White "Morozevich, Alexander"]
[Black "Hjartarson, Johann"]
[Result "1-0"]
[WhiteTitle "GM"]
[BlackTitle "GM"]
[WhiteElo "2711"]
[BlackElo "2529"]
[WhiteFideId "4116992"]
[BlackFideId "2300044"]
[EventDate "2015.10.13"]

1. e4 e5 2. Nf3 Nc6 3. d4 exd4 4. Nxd4 Nge7 5. Nc3 Nxd4 6. Qxd4 Nc6 7. Qe3 Bb4
8. Bd2 O-O 9. O-O-O d6 10. a3 Ba5 11. Qg3 f5 12. f4 fxe4 13. Nxe4 Bxd2+ 14. Rxd2
Bf5 15. Bc4+ Kh8 16. Ng5 Qf6 17. Re1 h6 18. Nf3 Rae8 19. Rxe8 Rxe8 20. Qf2 a6
21. g3 Bg4 22. Bd5 Nd8 23. Nh4 c6 24. Bf3 Bxf3 25. Nxf3 Nf7 26. Re2 Re7 27. Qe1
Rxe2 28. Qxe2 d5 29. Qe8+ Kh7 30. Qd7 Nd6 31. Ne5 d4 32. h4 h5 33. a4 c5 34. Nf3
Ne4 35. Qxb7 Nxg3 36. Ng5+ Kg6 37. Kb1 c4 38. Qf3 Nf5 39. Qe4 Qe7 40. Qc6+ Qf6
41. Qe8+ 1-0

[Event "World Blitz 2015"]
[Site "Berlin GER"]
[Date "2015.10.13"]
[Round "11.31"]
[White "Dreev, Aleksey"]
[Black "Volokitin, Andrei"]
[Result "1-0"]
[WhiteTitle "GM"]
[BlackTitle "GM"]
[WhiteElo "2644"]
[BlackElo "2639"]
[WhiteFideId "4100107"]
[BlackFideId "14107090"]
[EventDate "2015.10.13"]

1. d4 Nf6 2. c4 g6 3. Nc3 d5 4. Bf4 Bg7 5. e3 O-O 6. Rc1 Be6 7. cxd5 Nxd5 8.
Nxd5 Qxd5 9. b3 Rc8 10. Nf3 c5 11. Bc4 Qd7 12. d5 Bg4 13. Qe2 Na6 14. O-O Nc7
15. e4 a6 16. h3 Bxf3 17. Qxf3 Nb5 18. e5 Nd4 19. Qe4 b5 20. Bd3 Ra7 21. b4 Nf5
22. bxc5 Qd8 23. Rfd1 Qa5 24. d6 exd6 25. exd6 Qxa2 26. c6 Nxd6 27. Bxd6 Qb3 28.
c7 a5 29. Rb1 Qc3 30. Bxb5 a4 31. Rdc1 Qd2 32. Bf4 Qa2 33. Bd7 Rcxc7 34. Bxc7
Rxc7 35. Rxc7 1-0